| 000 | 00999cam a2200241 4500 | ||
|---|---|---|---|
| 001 | WB3706-14 | ||
| 008 | 000000n2001 000 0 eng u | ||
| 035 | _a(Sirsi) u110812 | ||
| 245 | _aJury out on best value | ||
| 260 | _c2001 | ||
| 490 |
_aMunicipal Journal _v2 February 2001, 1(1) |
||
| 520 | _aDETR report suggests that the best value pilot study involving local authorities has not delivered impressive results in terms of cost savings or improvement to services, but it could be more successful in the long term. Lists the key findings from the best value pilots, which will be discussed at a New Local Government Network conference shortly. For further information on the conference call 020 7222 5001. | ||
| 590 | _aWB | ||
| 650 | _aBEST VALUE | ||
| 650 | _aCCT | ||
| 650 | _aCOMPULSORY COMPETITIVE TENDERING | ||
| 650 | _aSERVICE DELIVERY | ||
| 650 | _aPILOT SCHEME | ||
| 650 | _aLOCAL AUTHORITIES | ||
| 650 | _aCOST SAVINGS | ||
| 690 | _aECONOMIC ISSUES | ||
| 942 | _n0 | ||
| 999 |
_c66062 _d66062 |
||